Villes dans des carrés sur une carte de France - Statistiques

Statistiques générales
  • Ce quiz a été pris 42 480 fois
  • Le résultat moyen est 38 sur 85
Réponses sur la Carte
Les réponses sont colorées sur une échelle allant du rouge au vert en fonction du pourcentage des utilisateurs qui les ont devinées à leur premier essai. Vous pouvez retrouver ces pourcentages ci-dessous.
 
Statistiques - réponses
Réponse % Correct
Paris
98%
Lille
96%
Marseille
96%
Bordeaux
94%
Strasbourg
93%
Lyon
92%
Nice
92%
Toulouse
91%
Brest
87%
Nantes
87%
Rennes
85%
Montpellier
82%
Ajaccio
74%
Dijon
73%
Le Havre
71%
Perpignan
71%
Clermont-Ferrand
69%
Grenoble
69%
Metz
69%
Bastia
68%
La Roche-sur-Yon
68%
Orléans
66%
Reims
64%
Rouen
64%
Nancy
62%
Tours
62%
Pau
60%
Angers
59%
Saint-Etienne
58%
Amiens
56%
Annecy
56%
Limoges
55%
Nîmes
54%
Quimper
54%
Bayonne
53%
Le Mans
52%
Lorient
51%
La Rochelle
49%
Poitiers
48%
Mulhouse
47%
Avignon
46%
Saint-Malo
46%
Cherbourg-en-Cotentin
44%
Besançon
42%
Troyes
41%
Auxerre
39%
Saint-Nazaire
36%
Bourges
32%
Gap
31%
Chartres
30%
Boulogne-sur-Mer
28%
Charleville-Mézières
28%
Narbonne
28%
Agen
27%
Niort
27%
Tarbes
27%
Rodez
26%
Saint-Lô
26%
Châlon-sur-Saône
25%
Châteauroux
25%
Montauban
24%
Aurillac
23%
Nevers
23%
Périgueux
23%
Brive-la-Gaillarde
22%
Les Sables-d'Olonne
21%
Dieppe
19%
Le Puy-en-Velay
17%
Tourcoing
17%
Lourdes
16%
Saint-Quentin
16%
Lannion
14%
Briançon
12%
Thonon-les-Bains
12%
Alès
11%
Châlons-en-Champagne
10%
Haguenau
10%
Montluçon
10%
Fécamp
8%
Saint-Dizier
8%
Pamiers
6%
Vitry-sur-Seine
5%
La Seyne-sur-Mer
3%
La-Teste-de-Buch
3%
Sallanches
2%
Aucun quiz correspondant
Distribution des résultats
% des personnes avec chaque résultat
Percentile par nombre de réponses
Votre historique - résultats
Vous n’avez pas pris ce quiz